Fenomén novej ekonomiky v poisťovníctve

Dôsledkom rozvoja informačných technológií (IT), digitálnej komunikácie a prehlbujúceho sa procesu globalizácie je metamorfóza "starej priemyselnej" ekonomiky na "novú" ekonomiku, ktorej jadro tvoria práve informačné a komunikačné technológie. Základné znaky novej ekonomiky. Fenomén novej ekonomiky...

Descrizione completa

Salvato in:
Dettagli Bibliografici
Autore principale: Krátka, Zuzana, 1968-
Natura: Capitolo di libro
Lingua:slovacco
Soggetti:
Tags: Aggiungi Tag
Nessun Tag, puoi essere il primo ad aggiungerne!!

MARC

LEADER 00000naa$a2200000$$$4500
001 0051882
005 20240711093022.3
041 0 |a slo 
044 |a SK 
245 1 0 |a Fenomén novej ekonomiky v poisťovníctve  |c Zuzana Krátka 
520 |a Dôsledkom rozvoja informačných technológií (IT), digitálnej komunikácie a prehlbujúceho sa procesu globalizácie je metamorfóza "starej priemyselnej" ekonomiky na "novú" ekonomiku, ktorej jadro tvoria práve informačné a komunikačné technológie. Základné znaky novej ekonomiky. Fenomén novej ekonomiky sa výrazne prejavuje aj vo finančnom sektore, sektor poisťovníctva nevynímajúc. Analýza najvýznamnejších dopadov novej ekonomiky na svetový poistný trh. 
610 2 0 |a globalizácia 
610 2 0 |a ekonomika nová 
610 2 0 |a technológie informačné 
610 2 0 |a technológie komunikačné 
610 2 0 |a poisťovníctvo 
610 2 0 |a trh poistný 
100 1 |a Krátka, Zuzana, 1968-